Guess the Harry Potter Movies by Scene #32 - Statistics

General Stats
  • This quiz has been taken 103 times
  • The average score is 18 of 20
Answer Stats
Picture Answer % Correct
Chamber of Secrets
100%
Chamber of Secrets
100%
Goblet of Fire
100%
Goblet of Fire
100%
Order of the Phoenix
100%
Philosopher's Stone
100%
Order of the Phoenix
95%
Philosopher's Stone
95%
Chamber of Secrets
91%
Deathly Hallows – Part 1
91%
Deathly Hallows – Part 2
91%
Half-Blood Prince
91%
Philosopher's Stone
91%
Philosopher's Stone
91%
Goblet of Fire
86%
Goblet of Fire
86%
Order of the Phoenix
86%
Order of the Phoenix
86%
Prisoner of Azkaban
86%
Deathly Hallows – Part 1
77%
No matching quizzes found
Score Distribution
Percent of People with Each Score
Percentile by Number Answered
Your Score History
You have not taken this quiz